Star Academy 2024/2025 - Les refs de la saison (mort subite) - Statistiques

Statistiques générales
  • Ce quiz a été pris 3 330 fois
  • Le résultat moyen est 8 sur 17
Answers on the Grid
Answers color-coded by a green-red scale on the quiz's grid according to % correct below.
Boulettes
Je suis fouuuuu
*Michael Goldman* (accent anglais)
Noir gazeux
C'est hilarant.
Noeeeeel enseeeemble
Babos
Viiiiiiiiiiiiiiiiiiivre
Pas mal... mais pas bien
Aaaah j'suis en détente
Chiaaaaaale
Oh wow
Croustilles
J'VAIS LUI CREVER SES PNEUS
PARKOUR
Les lasagnes
Chapeau pointu
Biscotte
Tiens, on dirait une chanson !
Imitation du train
CathédrAaAles
Émission de télé-achat
J'AI ATTRAPÉ UN COUP D'SOLEIL
Loley loley loley
Miaou miaou miaou miaou
Single Ladies
Saule pleureur
Ces six slips sont sooo chiiics
 
Statistiques - réponses
Réponse % Correct
Je suis fouuuuu
74%
*Michael Goldman* (accent anglais)
71%
J'VAIS LUI CREVER SES PNEUS
53%
C'est hilarant.
49%
Imitation du train
48%
Chiaaaaaale
45%
Pas mal... mais pas bien
45%
Single Ladies
45%
PARKOUR
44%
J'AI ATTRAPÉ UN COUP D'SOLEIL
43%
Aaaah j'suis en détente
41%
Miaou miaou miaou miaou
41%
Noeeeeel enseeeemble
41%
Ces six slips sont sooo chiiics
38%
Émission de télé-achat
32%
Chapeau pointu
30%
Tiens, on dirait une chanson !
29%
Aucun quiz correspondant
Distribution des résultats
% des personnes avec chaque résultat
Percentile par nombre de réponses
Votre historique - résultats
Vous n’avez pas pris ce quiz